Normale Ansicht MARC-Ansicht ISBD

Halbe Stadt - mehr als nur eine Straße! (Titelsatznr. 372517)

[ MARC ]
MARC-Details
000 -Satzkennung
Kontrollfeld mit fester Länge 00465nab a2200193 4500
001 - Kontrollnummer
Kontrollfeld 5
003 - Kontrollnummer Identifier
Kontrollfeld OSt
005 - Datum und Zeit der letzten Transaktion
Kontrollfeld 20230602135137.0
007 - Feld mit fester Länge zur physischen Beschreibung - Allgemeine Information
Kontrollfeld mit fester Länge tu
008 - Feld mit fester Länge zur physischen Beschreibung - Allgemeine Angaben
Kontrollfeld mit fester Länge ||||||||||||
040 ## - Katalogisierungsquelle
Original-Katalogisierungsstelle DE-2950
Übertragungsstelle DE-2950
245 04 - Titel
Titel Halbe Stadt - mehr als nur eine Straße!
260 ## - Publikation, Vertrieb usw.
Erscheinungsjahr, Vertriebsjahr etc. 2023
525 ## - Fußnote zu Beilagen
Fußnote zu Beilagen Enthaltene Fotografien: Fotos
653 ## - Indexierungsterm - Nicht normiert
Nicht-normierter Term Frankfurt (Oder)
653 ## - Indexierungsterm - Nicht normiert
Nicht-normierter Term Halbe Stadt
773 0# - Übergeordnete Einheit
Verknüpfungsangaben 01/2023, 01.01. - 31.03. 2023, S. 9-11
Titel WohnGut
942 ## - Zusätzliche Felder (Koha)
Klassifikation oder Aufstellungssystematik Andere/Generische Klassifikation
Koha-Medientyp Aufsätze
Exemplare
Ausgeschieden Verloren Klassifikation oder Aufstellungssystematik Beschädigt Nicht entleihbar Heimatbibliothek Aufenthaltsbibliothek Aufstellungsort Erwerbungsdatum Anzahl Ausleihen Letzte Aktivität Preis gültig von Koha-Medientyp
    Andere/Generische Klassifikation     Stadtarchiv Frankfurt (Oder) | Archivbibliothek Stadtarchiv Frankfurt (Oder) | Archivbibliothek Lesesaal 02/06/2023   02/06/2023 02/06/2023 Aufsätze